Newcastle United - Statistics

General Stats
  • This quiz has been taken 20 times
  • The average score is 19 of 22
Answer Stats
Kit Number Player % Correct
39 Bruno Guimaraes
94%
7 Joelinton
94%
3 Lewis Hall
94%
67 Lewis Miley
94%
1 Nick Pope
94%
27 Nick Woltemade
94%
4 Sven Botman
94%
33 Dan Burn
88%
11 Harvey Barnes
88%
41 Jacob Ramsey
88%
28 Joe Willock
88%
2 Kieran Trippier
88%
8 Sandro Tonali
88%
21 Tino Livramento
88%
20 Anthony Elanga
81%
10 Anthony Gordon
81%
5 Fabian Schar
81%
23 Jacob Murphy
81%
12 Malick Thiaw
81%
18 Will Osula
81%
9 Yoane Wissa
81%
32 Aaron Ramsdale
75%
No matching quizzes found
Score Distribution
Percent of People with Each Score
Percentile by Number Answered
Your Score History
You have not taken this quiz